000 00249nam a22001097a 4500
003 SGT
082 _bI16N
100 _aNEON, KONGPUSH PUB.
245 _aINDIAN PHARMACY REFERENCE GUIDE 2016-17
260 _bKONGPUSH PUBLISHER
_c2016
942 _2ddc
_cBK
999 _c18484
_d18484